00383nam a2200145Ia 4500008004100000020001800041082001600059100001900075245005200094250000800146260003000154300001300184500002500197650001500222230524s9999 xx 000 0 und d a9788177581058 a657.43bPAN aGeorge E.Rejda 0a"Principles of Risk Management And Insurance, " aIST aNEW DELHIb Pearsonc2008 aVIII;455 aQuantity Number: 10 aManagement